LEADER 00872cam0-2200301---450- 001 990005760420403321 005 20110203163526.0 035 $a000576042 035 $aFED01000576042 035 $a(Aleph)000576042FED01 035 $a000576042 100 $a19990604d1972----km-y0itay50------ba 101 0 $aeng 102 $aUS 105 $ay-------001yy 200 1 $a<>introduction to historical and comparative linguistics$fRaimo Anttila 210 $aNew York$cMacmillan$dc1972 215 $aIX, 438 p.$cill$d24 cm 610 0 $aLinguistica storica 676 $a417.7 700 1$aAnttila,$bRaimo$0171318 801 0$aIT$bUNINA$gRICA$2UNIMARC 901 $aBK 912 $a990005760420403321 952 $a417.7 ANT 1$bIST.GLOTT. S.I.$fFLFBC 959 $aFLFBC 996 $aIntroduction to historical and comparative linguistics$9570619 997 $aUNINA LEADER 01751nam0 22003493i 450 001 VAN0242553 005 20220930111253.65 017 70$2N$a9783319145839 100 $a20220309d2015 |0itac50 ba 101 $aeng 102 $aCH 105 $a|||| ||||| 200 1 $aMicrostructure and Properties of Ductile Iron and Compacted Graphite Iron Castings$eThe Effects of Mold Sand/Metal Interface Phenomena$fMariusz Holtzer, Marcin Górny, Rafal Da?ko 210 $aCham$cSpringer$d2015 215 $aXII, 158 p.$cill.$d24 410 1$1001VAN0123245$12001 $aSpringerBriefs in Materials$1210 $aCham [etc.]$cSpringer 620 $aCH$dCham$3VANL001889 676 $a621.4021$cIngegneria termica. Termodinamica$v22 676 $a620.1$cScienze dei materiali$v22 676 $a669$cMetallurgia - Chimica dei metalli - Materiali metallici$v22 700 1$aHoltzer$bMariusz$3VANV198368$0918891 701 1$aDa?ko$bRafa?$3VANV198370$01207465 701 1$aGórny$bMarcin$3VANV198369$01207466 712 $aSpringer $3VANV108073$4650 801 $aIT$bSOL$c20240614$gRICA 856 4 $uhttps://rd.springer.com/book/10.1007/978-3-319-14583-9$zE-book - Accesso al full-text attraverso riconoscimento IP di Ateneo, proxy e/o Shibboleth 899 $aBIBLIOTECA DEL DIPARTIMENTO DI SCIENZE E TECNOLOGIE AMBIENTALI BIOLOGICHE E FARMACEUTICHE$1IT-CE0101$2VAN17 912 $fN 912 $aVAN0242553 950 $aBIBLIOTECA DEL DIPARTIMENTO DI SCIENZE E TECNOLOGIE AMBIENTALI BIOLOGICHE E FARMACEUTICHE$d17CONS e-book 2219 $e17BIB2219/166 166 20220309 996 $aMicrostructure and Properties of Ductile Iron and Compacted Graphite Iron Castings$92785290 997 $aUNICAMPANIA